<?xml version="1.0" encoding="UTF-8"?>
<record
    xmlns:xsi="http://www.w3.org/2001/XMLSchema-instance"
    xsi:schemaLocation="http://www.loc.gov/MARC21/slim http://www.loc.gov/standards/marcxml/schema/MARC21slim.xsd"
    xmlns="http://www.loc.gov/MARC21/slim">

  <leader>00400nam a22001457a 4500</leader>
  <datafield tag="999" ind1=" " ind2=" ">
    <subfield code="c">7423</subfield>
    <subfield code="d">7421</subfield>
  </datafield>
  <controlfield tag="005">20210904131449.0</controlfield>
  <controlfield tag="008">200710b        xxu||||| |||| 00| 0 eng d</controlfield>
  <datafield tag="082" ind1=" " ind2=" ">
    <subfield code="a">345.4005 BHA-I</subfield>
  </datafield>
  <datafield tag="100" ind1=" " ind2=" ">
    <subfield code="a">BHATT, VIJAY</subfield>
    <subfield code="9">6878</subfield>
  </datafield>
  <datafield tag="245" ind1=" " ind2=" ">
    <subfield code="a">INDIAN BAR REVIEW [Vol.44] (4)2017 ,OCTOBER TODECEMBER)</subfield>
  </datafield>
  <datafield tag="260" ind1=" " ind2=" ">
    <subfield code="a">NEW DELHI</subfield>
    <subfield code="b">BAR OCUNCIL OF INDIATRUST</subfield>
    <subfield code="c">2017</subfield>
  </datafield>
  <datafield tag="300" ind1=" " ind2=" ">
    <subfield code="a">208p.</subfield>
  </datafield>
  <datafield tag="650" ind1=" " ind2=" ">
    <subfield code="a">LAW</subfield>
    <subfield code="9">5701</subfield>
  </datafield>
  <datafield tag="942" ind1=" " ind2=" ">
    <subfield code="c">JRL</subfield>
  </datafield>
  <datafield tag="952" ind1=" " ind2=" ">
    <subfield code="0">0</subfield>
    <subfield code="1">0</subfield>
    <subfield code="4">0</subfield>
    <subfield code="7">0</subfield>
    <subfield code="8">LAW</subfield>
    <subfield code="a">JRU</subfield>
    <subfield code="b">JRU</subfield>
    <subfield code="c">SHELF-33-C</subfield>
    <subfield code="d">2020-07-22</subfield>
    <subfield code="e">PURCHASE</subfield>
    <subfield code="g">16000.00</subfield>
    <subfield code="l">0</subfield>
    <subfield code="o">345.4005 BHA-I</subfield>
    <subfield code="p">25100</subfield>
    <subfield code="r">2020-07-10 00:00:00</subfield>
    <subfield code="w">2020-07-22</subfield>
    <subfield code="y">JRL</subfield>
  </datafield>
  <datafield tag="952" ind1=" " ind2=" ">
    <subfield code="0">0</subfield>
    <subfield code="1">0</subfield>
    <subfield code="4">0</subfield>
    <subfield code="7">0</subfield>
    <subfield code="8">LAW</subfield>
    <subfield code="a">JRU</subfield>
    <subfield code="b">JRU</subfield>
    <subfield code="c">SHELF-33-C</subfield>
    <subfield code="d">2020-07-22</subfield>
    <subfield code="e">PURCHASE</subfield>
    <subfield code="g">16000.00</subfield>
    <subfield code="l">0</subfield>
    <subfield code="o">345.4005 BHA-I</subfield>
    <subfield code="p">25101</subfield>
    <subfield code="r">2020-07-10 00:00:00</subfield>
    <subfield code="w">2020-07-22</subfield>
    <subfield code="y">JRL</subfield>
  </datafield>
  <datafield tag="952" ind1=" " ind2=" ">
    <subfield code="0">0</subfield>
    <subfield code="1">0</subfield>
    <subfield code="4">0</subfield>
    <subfield code="7">0</subfield>
    <subfield code="8">LAW</subfield>
    <subfield code="a">JRU</subfield>
    <subfield code="b">JRU</subfield>
    <subfield code="c">SHELF-33-C</subfield>
    <subfield code="d">2020-07-22</subfield>
    <subfield code="e">PURCHASE</subfield>
    <subfield code="g">16000.00</subfield>
    <subfield code="l">0</subfield>
    <subfield code="o">345.4005 BHA-I</subfield>
    <subfield code="p">25102</subfield>
    <subfield code="r">2020-07-10 00:00:00</subfield>
    <subfield code="w">2020-07-22</subfield>
    <subfield code="y">JRL</subfield>
  </datafield>
  <datafield tag="952" ind1=" " ind2=" ">
    <subfield code="0">0</subfield>
    <subfield code="1">0</subfield>
    <subfield code="4">0</subfield>
    <subfield code="7">0</subfield>
    <subfield code="8">LAW</subfield>
    <subfield code="a">JRU</subfield>
    <subfield code="b">JRU</subfield>
    <subfield code="c">SHELF-33-C</subfield>
    <subfield code="d">2020-07-22</subfield>
    <subfield code="e">PURCHASE</subfield>
    <subfield code="g">16000.00</subfield>
    <subfield code="l">0</subfield>
    <subfield code="o">345.4005 BHA-I</subfield>
    <subfield code="p">25103</subfield>
    <subfield code="r">2020-07-10 00:00:00</subfield>
    <subfield code="w">2020-07-22</subfield>
    <subfield code="y">JRL</subfield>
  </datafield>
  <datafield tag="952" ind1=" " ind2=" ">
    <subfield code="0">0</subfield>
    <subfield code="1">0</subfield>
    <subfield code="4">0</subfield>
    <subfield code="7">0</subfield>
    <subfield code="8">LAW</subfield>
    <subfield code="a">JRU</subfield>
    <subfield code="b">JRU</subfield>
    <subfield code="c">SHELF-33-C</subfield>
    <subfield code="d">2020-07-22</subfield>
    <subfield code="e">PURCHASE</subfield>
    <subfield code="g">16000.00</subfield>
    <subfield code="l">0</subfield>
    <subfield code="o">345.4005 BHA-I</subfield>
    <subfield code="p">25104</subfield>
    <subfield code="r">2020-07-10 00:00:00</subfield>
    <subfield code="w">2020-07-22</subfield>
    <subfield code="y">JRL</subfield>
  </datafield>
  <datafield tag="952" ind1=" " ind2=" ">
    <subfield code="0">0</subfield>
    <subfield code="1">0</subfield>
    <subfield code="4">0</subfield>
    <subfield code="7">0</subfield>
    <subfield code="8">LAW</subfield>
    <subfield code="a">JRU</subfield>
    <subfield code="b">JRU</subfield>
    <subfield code="c">SHELF-33-C</subfield>
    <subfield code="d">2020-07-22</subfield>
    <subfield code="e">PURCHASE</subfield>
    <subfield code="g">16000.00</subfield>
    <subfield code="l">0</subfield>
    <subfield code="o">345.4005 BHA-I</subfield>
    <subfield code="p">25105</subfield>
    <subfield code="r">2020-07-10 00:00:00</subfield>
    <subfield code="w">2020-07-22</subfield>
    <subfield code="y">JRL</subfield>
  </datafield>
  <datafield tag="952" ind1=" " ind2=" ">
    <subfield code="0">0</subfield>
    <subfield code="1">0</subfield>
    <subfield code="4">0</subfield>
    <subfield code="7">0</subfield>
    <subfield code="8">LAW</subfield>
    <subfield code="a">JRU</subfield>
    <subfield code="b">JRU</subfield>
    <subfield code="c">SHELF-33-C</subfield>
    <subfield code="d">2020-07-22</subfield>
    <subfield code="e">PURCHASE</subfield>
    <subfield code="g">16000.00</subfield>
    <subfield code="l">0</subfield>
    <subfield code="o">345.4005 BHA-I</subfield>
    <subfield code="p">25106</subfield>
    <subfield code="r">2020-07-10 00:00:00</subfield>
    <subfield code="w">2020-07-22</subfield>
    <subfield code="y">JRL</subfield>
  </datafield>
  <datafield tag="952" ind1=" " ind2=" ">
    <subfield code="0">0</subfield>
    <subfield code="1">0</subfield>
    <subfield code="4">0</subfield>
    <subfield code="7">0</subfield>
    <subfield code="8">LAW</subfield>
    <subfield code="a">JRU</subfield>
    <subfield code="b">JRU</subfield>
    <subfield code="c">SHELF-33-C</subfield>
    <subfield code="d">2020-07-22</subfield>
    <subfield code="e">PURCHASE</subfield>
    <subfield code="g">16000.00</subfield>
    <subfield code="l">0</subfield>
    <subfield code="o">345.4005 BHA-I</subfield>
    <subfield code="p">25107</subfield>
    <subfield code="r">2020-07-10 00:00:00</subfield>
    <subfield code="w">2020-07-22</subfield>
    <subfield code="y">JRL</subfield>
  </datafield>
  <datafield tag="952" ind1=" " ind2=" ">
    <subfield code="0">0</subfield>
    <subfield code="1">0</subfield>
    <subfield code="4">0</subfield>
    <subfield code="7">0</subfield>
    <subfield code="8">LAW</subfield>
    <subfield code="a">JRU</subfield>
    <subfield code="b">JRU</subfield>
    <subfield code="c">SHELF-33-C</subfield>
    <subfield code="d">2020-07-22</subfield>
    <subfield code="e">PURCHASE</subfield>
    <subfield code="g">16000.00</subfield>
    <subfield code="l">0</subfield>
    <subfield code="o">345.4005 BHA-I</subfield>
    <subfield code="p">25108</subfield>
    <subfield code="r">2020-07-10 00:00:00</subfield>
    <subfield code="w">2020-07-22</subfield>
    <subfield code="y">JRL</subfield>
  </datafield>
  <datafield tag="952" ind1=" " ind2=" ">
    <subfield code="0">0</subfield>
    <subfield code="1">0</subfield>
    <subfield code="4">0</subfield>
    <subfield code="7">0</subfield>
    <subfield code="8">LAW</subfield>
    <subfield code="a">JRU</subfield>
    <subfield code="b">JRU</subfield>
    <subfield code="c">SHELF-33-C</subfield>
    <subfield code="d">2020-07-22</subfield>
    <subfield code="e">PURCHASE</subfield>
    <subfield code="g">16000.00</subfield>
    <subfield code="l">0</subfield>
    <subfield code="o">345.4005 BHA-I</subfield>
    <subfield code="p">25109</subfield>
    <subfield code="r">2020-07-10 00:00:00</subfield>
    <subfield code="w">2020-07-22</subfield>
    <subfield code="y">JRL</subfield>
  </datafield>
</record>
